000 00908nam1a22002411i 4500
001 RU\INFOCOMM_317\NLR\5000032245
005 20240725033107.0
035 _a(NLR Aleph) 010650973
090 _a10704117
_c10704117
100 _a20130328d1841 |||y0rusy50 ba
101 0 _afre
102 _aRU
105 _ay z||||
200 1 _aLectures françaises à l'usage des familles et des maisons d'éducation en Russie
_eOuvrage gradué pour le premier âge, l'enfance, l'adolescence et la jeunesse
_fPar Charles de St. Hilaire ...
210 _aSt.-Petersbourg
_aSt. Pétersbourg
_cF. Bellizard et c-ie
_d1841
215 _a2 т.
_d19 см
620 _aСанкт-Петербург
700 1 _9z01790
_aSaint-Hilaire
_bCh. de
_gCharles de
790 1 _9z01700
_aSt. Hilaire
_bCh. de
_gCharles de
_4070
801 1 _aRU
_bInfocomm
_c20130328
801 0 _aRU
_bINFOCOMM
_gPSBO
852 _aNLR
_jЯ61 Б-3/7
942 _cBOOK